Famous movie close-ups - Statistics

General Stats
  • This quiz has been taken 62 times
  • The average score is 10 of 20
Answer Stats
Picture Answer % Correct
The Shining
91%
Oppenheimer
86%
The Silence of the Lambs
81%
American Psycho
72%
The Blair Witch Project
67%
Psycho
63%
Get Out
61%
Se7en
60%
A Clockwork Orange
58%
Inception
58%
The Revenant
58%
Toy Story 2
51%
Midsommar
47%
Fear and Loathing in Las Vegas
25%
The Good, the Bad and the Ugly
23%
Requiem for a Dream
21%
Evil Dead 2
18%
Memories of Murder
11%
Brazil
9%
Battleship Potemkine
2%
No matching quizzes found
Score Distribution
Percent of People with Each Score
Percentile by Number Answered
Your Score History
You have not taken this quiz